Mausoleo (Record no. 10688)

MARC details
000 -LEADER
campo de control de longitud fija 00722nam a2200229 i 4500
001 - NÚMERO DE CONTROL
campo de control 10688
003 - IDENTIFICADOR DE NÚMERO DE CONTROL
campo de control ES-MaACL
005 - FECHA Y HORA DE LA ÚLTIMA TRANSACCIÓN
campo de control 20240510063012.0
008 - DATOS DE LONGITUD FIJA--INFORMACIÓN GENERAL
campo de control de longitud fija 900122s1988 sp |||| | spa j
020 ## - NÚMERO INTERNACIONAL ESTÁNDAR DEL LIBRO
Número Internacional Estándar del Libro 8486419174
080 ## - NÚMERO DE LA CLASIFICACIÓN DECIMAL UNIVERSAL
Número de la Clasificación Decimal Universal 860-14"19"
100 1# - ENTRADA PRINCIPAL--NOMBRE DE PERSONA
Nombre de persona Tundidor, Jesús Hilario,
Fechas asociadas al nombre 1935-
9 (RLIN) 111674
245 10 - MENCIÓN DEL TÍTULO
Título Mausoleo
Resto del título : pájaros para la muerte de Cristo /
Mención de responsabilidad, etc. Jesús Hilario Tundidor.
250 ## - MENCION DE EDICION
Mención de edición 1ª ed.
260 ## - PUBLICACIÓN, DISTRIBUCIÓN, ETC.
Lugar de publicación, distribución, etc. Barcelona :
Nombre del editor, distribuidor, etc. Juan Pastor,
Fecha de publicación, distribución, etc. 1988.
300 ## - DESCRIPCIÓN FÍSICA
Extensión 66 p. ;
Dimensiones 20 cm.
490 1# - MENCIÓN DE SERIE
Mención de serie Devenir. Serie Poesía ;
Designación de volumen o secuencia 17
830 00 - PUNTO DE ACCESO ADICIONAL DE SERIE-TÍTULO UNIFORME
Título uniforme Devenir.
Nombre de parte o sección de la obra Serie Poesía ;
Designación de volumen o secuencia 17
9 (RLIN) 236243
852 ## - LOCALIZACIÓN
Ubicación ES-MaACL
Número de control de estantería P-1931 N 17
Nota libre . - Ded. autógr. del autor
itemnumber 10981
942 ## - ELEMENTOS DE ENTRADA SECUNDARIOS (KOHA)
Fuente del sistema de clasificación o colocación Clasificación decimal universal
Holdings
Estatus retirado Estado de pérdida Fuente del sistema de clasificación o colocación Estado de daño No para préstamo Biblioteca de origen Biblioteca actual Ubicación en estantería Fecha de adquisición Total de préstamos Signatura topográfica completa Código de barras Visto por última vez Precio de reemplazo Tipo de ítem Koha
    Clasificación decimal universal     Biblioteca del Ateneo de Madrid Biblioteca del Ateneo de Madrid Depósito 2 17/01/2008   P-1931 N 17 1010902 23/02/2023 23/02/2023 Libro impreso